000 00408nam a2200157Ia 4500
003 GCL
008 140319s9999 xx 000 0 eng d
040 _aGCL /
_cGCL
082 0 4 _a708.2
_bU F
100 1 _aVLDALL, KAL
245 1 0 _aFRILANDSMUSEET: THE OPEN AN MUSEUM ENGLISH GUIDE /
_cVLDALL, KAL
260 _a[S.N] :
_bKONGEVEJEN 100 ،
_c1972
650 0 4 _aMUSEUMS
650 0 4 _aARTS
942 _2ddc
_cBK
999 _c19560
_d19560